000 00709nam a2200229 i 4500
001 5385
003 ES-MaACL
005 20250901075050.0
007 t|
008 880609s1988 sp |||| | spa d
020 _a84-505-7229-0
080 _a654.17/.19(46)"1988"
080 _a384(46)(058)"1988"
110 2 _aEnte Público Radiotelevisión Española
_9167589
245 1 0 _aAnuario 1988 /
_cRTVE.
260 _aMadrid :
_bDirección de Relaciones Exteriores E.P.RTVE,
_c1988.
300 _a583, 219 p. :
_bil. ;
_c30 cm.
650 0 4 _aTelevisión-
_xProgramas-
_zEspaña.
_9153654
650 4 _aProgramas de radio-
_zEspaña
_916663
852 _aES-MaACL
_jL-12163
999 _c5385
_d5385